Elements of Environmental Engineering (Record no. 16631)
[ view plain ]
| 000 -LEADER | |
|---|---|
| fixed length control field | 00652nam a2200229 4500 |
| 003 - CONTROL NUMBER IDENTIFIER | |
| control field | PK-NaQUE |
| 005 - DATE AND TIME OF LATEST TRANSACTION | |
| control field | 20260309084319.0 |
| 008 - FIXED-LENGTH DATA ELEMENTS--GENERAL INFORMATION | |
| fixed length control field | 260309b ||||| |||| 00| 0 eng d |
| 020 ## - INTERNATIONAL STANDARD BOOK NUMBER | |
| International Standard Book Number | 8121915473 |
| 022 ## - INTERNATIONAL STANDARD SERIAL NUMBER | |
| International Standard Serial Number | 9788121915472 |
| 040 ## - CATALOGING SOURCE | |
| Transcribing agency | QUEST |
| 082 ## - DEWEY DECIMAL CLASSIFICATION NUMBER | |
| Classification number | 628DUG |
| 100 ## - MAIN ENTRY--PERSONAL NAME | |
| Personal name | Duggal, K.N. |
| 245 ## - TITLE STATEMENT | |
| Title | Elements of Environmental Engineering |
| 260 ## - PUBLICATION, DISTRIBUTION, ETC. (IMPRINT) | |
| Place of publication, distribution, etc | New Delhi: |
| Name of publisher, distributor, etc | S.Chand, |
| Date of publication, distribution, etc | 2014. |
| 300 ## - PHYSICAL DESCRIPTION | |
| Extent | 451p. ; |
| 650 ## - SUBJECT ADDED ENTRY--TOPICAL TERM | |
| Topical term or geographic name as entry element | Environmental Engineering Buildings |
| 650 ## - SUBJECT ADDED ENTRY--TOPICAL TERM | |
| Topical term or geographic name as entry element | Environmental Engineering |
| 650 ## - SUBJECT ADDED ENTRY--TOPICAL TERM | |
| Topical term or geographic name as entry element | Sewage - Environmental Aspects |
| 856 ## - ELECTRONIC LOCATION AND ACCESS | |
| Uniform Resource Identifier | <a href="http://10.10.170.122:8080/browse/book/29371">http://10.10.170.122:8080/browse/book/29371</a> |
| Link text | Download eBook |
| 942 ## - ADDED ENTRY ELEMENTS (KOHA) | |
| Koha item type | Books |
| Source of classification or shelving scheme | Dewey Decimal Classification |
| Withdrawn status | Lost status | Damaged status | Not for loan | Home library | Current library | Date acquired | Cost, normal purchase price | Total Checkouts | Full call number | Barcode | Date last seen | Price effective from | Koha item type |
|---|---|---|---|---|---|---|---|---|---|---|---|---|---|
| Central Library, QUEST, Nawabshah | Central Library, QUEST, Nawabshah | 18/07/2016 | 561.00 | 628DUG | 54346 | 18/07/2016 | 18/07/2016 | Books |